|
|
|
|
| LEADER |
00000cam a2200000 7i4500 |
| 001 |
0000003963 |
| 005 |
20220105103955.0 |
| 008 |
070724 |
| 020 |
|
|
|a 072141558X
|
| 090 |
0 |
0 |
|a JP
|b FT ENG (5154)
|
| 245 |
0 |
0 |
|a Goldilocks and the three bears
|c This ladybird retelling by Audrey Daly;Illustrated by Chris Russell
|
| 260 |
|
|
|a London :
|b Ladybird books Ltd ,
|c 1993
|
| 440 |
|
|
|a Ladybird favourite tales
|
| 500 |
|
|
|a Children age 4-6 years old (yellow)
|
| 650 |
|
0 |
|a Fairy tale
|
| 650 |
|
0 |
|a Junior preschool
|x English
|x Languages
|
| 700 |
0 |
|
|a Daly, Audrey
|
| 700 |
0 |
|
|a Russell,Chris
|
| 999 |
|
|
|a 0000894204
|b Book
|c Children Collection
|e Cawangan Bandar Penawar
|
| 999 |
|
|
|a 0000894206
|b Book
|c Children Collection
|e Cawangan Bandar Penawar
|
| 999 |
|
|
|a 0000894208
|b Book
|c Children Collection
|e Cawangan Pontian
|
| 999 |
|
|
|a 0000894211
|b Book
|c Children Collection
|e Cawangan Mersing
|
| 999 |
|
|
|a 0000894213
|b Book
|c Children Collection
|e Cawangan Tangkak
|
| 999 |
|
|
|a 0000894214
|b Book
|c Children Collection
|e Cawangan Segamat
|
| 999 |
|
|
|a 0000972746
|b Book
|c Children Collection
|e Perbadanan Perpustakaan Awam Johor
|
| 999 |
|
|
|a 0000972747
|b Book
|c Children Collection
|e Perbadanan Perpustakaan Awam Johor
|
| 999 |
|
|
|a 0000972748
|b Book
|c Children Collection
|e Perbadanan Perpustakaan Awam Johor
|
| 999 |
|
|
|a 0000972749
|b Book
|c Children Collection
|e Perbadanan Perpustakaan Awam Johor
|
| 999 |
|
|
|a 0000972750
|b Book
|c Children Collection
|e Perbadanan Perpustakaan Awam Johor
|
| 999 |
|
|
|a 0001086993
|b Book
|c Children Collection
|e Cawangan Taman Universiti
|